00773 a2200157 45000010006000000050017000060080041000230030015000640400040000790800048001192450085001672640048002523000019003005050274003191000022005935475320260407155823.0260407a1974 arg spa dAR-UNSa-BCEJYS aAR-UNSa-BCEJYSbspacAR-UNSa-BCEJYS a314xDemografía. Estudios de población 10aExplosión poblacional, economía y políticapMalthus, Marx y "Suramérica" 1aBuenos Aires :bEdiciones La Bastillac1974 a344 p.c20 cm. a1. El hecho de la explosión poblacional – 2. Revolución e imperialismo como etapas de desarrollo – 3. Crecimiento poblacional y desarrollo económico – 4. Explosión poblacional y revolución – 5. Que es el control natal – 6. Medidas para la acción. 1 aSagrera, Martín